Stations du réseau de la CTS de Strasbourg - Statistiques

Statistiques générales
  • Ce quiz a été pris 107 fois
    105 depuis la dernière actualisation
  • Le résultat moyen est 77 sur 684
Statistiques - réponses
Stations % Correct
Gare Centrale
83%
Homme de Fer
81%
Esplanade
68%
Étoile Bourse
67%
République
67%
Porte de l'Hôpital
65%
Rotonde
65%
Gallia
63%
Observatoire
63%
Place Broglie
63%
Université
62%
Ancienne Synagogue les Halles
60%
Parc des Sports
59%
Campus d'Illkirch
57%
Lycée Kléber
57%
Langstross Grand'Rue
56%
Wacken
56%
Faubourg de Saverne
54%
Hoenheim Gare
54%
Kehl Rathaus
54%
Baggersee
52%
Étoile Polygone
52%
Krimmeri Stade de la Meinau
52%
Landsberg
52%
Saint-Florent
52%
Comtes
51%
Montagne Verte
51%
Émile Mathis
49%
Faubourg National
49%
Laiterie
49%
Laiterie / Saales
49%
Parlement Européen
49%
Place d'Islande
49%
Port du Rhin
49%
Poteries
49%
Winston Churchill
49%
Alt Winmärik
48%
Elsau
48%
Colonne
46%
Dante
46%
Lycée Couffignal
46%
Parc du Contades
46%
Rives de l'Aar
46%
Robertsau l'Escale
46%
Jean Jaurès
44%
Lingolsheim Alouettes
44%
Boecklin
43%
Ducs d'Alsace
43%
Graffenstaden
43%
Hôpital de Hautepierre
43%
Pont Phario
43%
Porte Blanche
43%
Schluthfeld
43%
Futura Glacière
41%
Hôpital Civil
41%
Musée d'Art Moderne
41%
Neuhof Rodolphe Reuss
41%
Wilson
41%
Aristide Briand
40%
Leclerc
40%
Le Marais
40%
Lingolsheim Tiergaertel
40%
Lycée Marc Bloch
40%
Cervantès
38%
Hohwart
38%
Hôtel de Police
38%
Travail
38%
Droits de l'Homme
37%
Le Ried
37%
Londres
37%
Mélanie
37%
Ostwald Hôtel de Ville
37%
Citadelle
35%
Lycée Pasteur
35%
Général de Gaulle
33%
Parc des Romains
33%
Starcoop
33%
Wihrel
33%
Bohrie
32%
Rome
32%
Espace Européen de l'Entreprise
30%
Jardiniers
30%
Kibitzenau
30%
Le Galet
30%
Martin Schongauer
30%
Parc Malraux
30%
Paul Éluard
30%
Prés
30%
Clémenceau
29%
Cours de l'Illiade
29%
Illkirch Lixenbuhl
29%
Les Halles Pont de Paris
29%
Lycée Jean Monnet
29%
Marcel Rudloff
29%
Place de Pierre
29%
Vienne
29%
Bruche
27%
Hochfelden
27%
Rotterdam
27%
Saint-Christophe
27%
Arago
25%
Cité Administrative
25%
Dordogne
25%
Hochschule / Läger
25%
Jardin des Deux Rives
25%
Kehl Banhof
25%
Lavoisier
25%
Robertsau Lamproie
25%
Sécurité Sociale
25%
Camping
24%
Copenhague
24%
Lingolsheim Mairie
24%
Orangerie
24%
Gravière Stade de la Meinau
22%
Palerme
22%
Phalsbourg
22%
Place d'Ostwald
22%
Tanneries
22%
Vendenheim Gare
22%
Cheval Blanc
21%
Elmerfrost
21%
Faubourg de Pierre
21%
Marne
21%
Rieth
21%
Rue des Juifs
21%
Schiltigheim Mairie
21%
Barr
19%
Chambre des Métiers
19%
Danube le Vaisseau
19%
Gare aux Marchandises
19%
Gliesberg
19%
Lingolsheim Centre
19%
Lingolsheim Gare
19%
Molkenbronn
19%
Palais de la Musique et des Congrès
19%
Parc de la Citadelle
19%
Presqu'Île André Malraux
19%
Alouettes
17%
Cité Russi
17%
Clinique de l'Orangerie
17%
Embranchement
17%
Lingolsheim Cimetière
17%
Nid de Cigognes
17%
Quartier des Quinze
17%
Stade Vauban
17%
Vosges
17%
Blaesheim
16%
Brant Université
16%
Collège Galilée
16%
Ecrivains
16%
Kastler
16%
Maison Rouge
16%
Parc Wodli
16%
Bethesda
14%
Bruxelles
14%
Conseil de l'Europe
14%
Hoenheim Mairie
14%
Marc Seguin
14%
Sainte-Hélène
14%
Tauler
14%
Bischheim Gare
13%
Cimetière Nord
13%
Cité de l'Ill
13%
Émailleries
13%
Entzheim Gare
13%
Geispolsheim Gare
13%
Illkirch Mairie
13%
Mulhouse
13%
Poincaré
13%
Rhin
13%
Saint-Maurice
13%
Ypres
13%
23 novembre
11%
Ampère
11%
Anémones
11%
Ankara
11%
Clinique Sainte-Anne
11%
Conseil des Quinze
11%
Corbeau
11%
Fontaine
11%
Graffenstaden Gare
11%
La Souffel
11%
Liberté
11%
Papeterie
11%
Robertsau Chasseurs
11%
Roethig Gare
11%
Rue de la Gare
11%
Sports
11%
Tribunal Fonderie
11%
Wissembourg
11%
Zurich
11%
Avenir
10%
Bâle
10%
Berstett
10%
Boulevard des Enseignes
10%
Croix
10%
Entzheim Ouest
10%
Eurofret
10%
Foch
10%
Jean Monnet
10%
Maxime Alexandre
10%
Murhof
10%
Obernai Lyon
10%
Polygone
10%
Robertsau Sainte-Anne
10%
Rue d'Eckbolsheim
10%
Salm
10%
Schiltigheim Le Marais
10%
Trois Epis
10%
Victor Hugo
10%
Allée de l'Euro
8%
Alsace
8%
Baillis
8%
Banlieue
8%
Bourgogne
8%
Brasseurs
8%
Carpe Haute
8%
Centre de Traumatologie
8%
Champ de Manoeuvre
8%
Chateaubriand
8%
Cimetière Sud
8%
Cité Meinau
8%
Ecole
8%
Icare
8%
Île de France
8%
IUT Pasteur
8%
Jardins
8%
La Vigie
8%
La Wantzenau Gare
8%
Lazaret
8%
Lerchenberg
8%
Madrid
8%
Mairie
8%
Marché Gare
8%
Mathieu Zell
8%
Mozart
8%
Mundolsheim Gare
8%
Neudorf Marché
8%
Oberhausbergen Mairie
8%
Paix
8%
Perce Neige
8%
Perdrix
8%
Provence
8%
Robertsau Ėglise
8%
Rohmer
8%
Romains
8%
Saint-Guillaume
8%
Schnokeloch
8%
Schott
8%
Schulmeister
8%
Souffelweyersheim Ecole
8%
Abattoirs
6%
Aéroparc
6%
Athènes
6%
Austerlitz
6%
Blaesheim Ouest
6%
Boeuf Rouge
6%
Boulogne
6%
Bouvreuils
6%
Brême
6%
Capucins
6%
CARSAT
6%
Catherine
6%
Cerisiers
6%
Cherbourg
6%
Chopin
6%
CMCO
6%
Collège La Fontaine
6%
Colombes
6%
Coopérative
6%
Dauphiné
6%
De Gaulle
6%
Doubs
6%
Dunkerque
6%
Étoile d'Or
6%
Faisans
6%
Fort Desaix
6%
Franche Comté
6%
Gaertel
6%
Geispolsheim Ouest
6%
Geispolsheim ZI
6%
Graffenstaden Digue
6%
Gruber
6%
Gutenberg
6%
Holtzheim Ouest
6%
Hôtel du Département
6%
Jacob
6%
Lac Achard
6%
Lauterbourg
6%
La Wantzenau ZA
6%
Les Halles Sébastopol
6%
Les Vignes
6%
Mittelhausbergen Église
6%
Mittelhausbergen Mittelberg
6%
Moser
6%
Mundolsheim Mairie
6%
Musau
6%
Neuhof Ganzau
6%
Niederbourg
6%
Oberhausbergen Église
6%
Octroi
6%
Ostwald Église
6%
Palais des Fêtes
6%
Parc Klinglin
6%
Pigeons
6%
Port Autonome Sud
6%
Rhin Tortu
6%
Riehl
6%
Saint-Nicolas
6%
Schiltigheim Campus
6%
Souffelweyersheim Canal
6%
Soultz
6%
Stutzheim
6%
Touraine
6%
Unterelsau
6%
Villa Vénitienne
6%
Zone Commerciale Nord
6%
Zorn
6%
À l'Aigle
5%
Bethel
5%
Bitche
5%
Bois Fleuri
5%
Bugatti
5%
Bussière
5%
Canal
5%
Capitainerie
5%
Cigognes
5%
Cirque - Centre Equestre
5%
Cité Universitaire
5%
Collège Leclerc
5%
Colonel Lilly
5%
Dalis
5%
De Lattre de Tassigny
5%
Eckbolsheim Centre
5%
Église Saint-Florent
5%
Ehn
5%
Entzheim Centre
5%
Faubourg d'Alençon
5%
Floralies
5%
Forges
5%
Fort Lefèbvre
5%
Gardes Forestiers
5%
Geispolsheim Mairie
5%
Geispolsheim Verdun
5%
Général Leclerc
5%
Golbery
5%
Henri Frenay
5%
Holtzheim Centre
5%
Holtzheim Église
5%
Honau
5%
Illkirch Fort Ulrich
5%
Ingold
5%
Kiefer
5%
Kléber
5%
Kolbsheim Mairie
5%
Krutenau
5%
Lamey
5%
La Rochelle
5%
La Wantzenau Ecole
5%
La Wantzenau le Golf
5%
La Wantzenau le Tilleul
5%
La Wantzenau Mairie
5%
Lipsheim Centre
5%
Lipsheim Gare
5%
Lorient
5%
Moulin
5%
Nord
5%
Oberhausbergen Est
5%
Orme
5%
Ostwald Bellevue
5%
Plaine des Bouchers
5%
Pôle API
5%
Pont des Vosges
5%
Raisin d'Or
5%
Roseaux
5%
Saint-Antoine
5%
Saint-François
5%
Saint-Thomas Finkwiller
5%
Séné
5%
Souffelweyersheim Centre
5%
Station de Pompage
5%
Unterjaegerhof
5%
Vendenheim Artisans
5%
Vendenheim Mairie
5%
Verdun
5%
Vernois Mangold
5%
Vers Erstein
5%
Vers Truchtersheim / Saverne
5%
Vieux Moulin
5%
Vignes
5%
Virgile / Bosco
5%
Voltaire
5%
Vosges Oberlin
5%
Wolfisheim Mairie
5%
Wolfisheim Stade
5%
Abbé de l'Épée
3%
Abbé Lemire
3%
Acacias
3%
Ancienne Forge
3%
Ballastière
3%
Bartischgut
3%
Berlioz
3%
Centre Sportif
3%
Château d'Eau
3%
Colverts
3%
Commerce
3%
Copernic
3%
Coucou des Bois
3%
C.R.A.M.
3%
Cressier Château d'Eau
3%
Donon
3%
Eckbolsheim Mairie
3%
Eckwersheim Mairie
3%
Élisa
3%
Entzheim Parc
3%
Fédération
3%
Fegersheim Mairie
3%
Fleurs
3%
Fondeur
3%
Fort Louis
3%
Fuchs am Buckel
3%
Geispolsheim Centre Commercial
3%
Georges Burger
3%
Geroldseck
3%
Gloeckelsberg
3%
Goldschmidt
3%
Haldenbourg
3%
Hangenbieten Mairie
3%
Hechner / Centre Funéraire
3%
Herrade
3%
Jacobi Netter
3%
Jardin des Roses
3%
Jardin des Vignes
3%
Kepler
3%
Klebsau
3%
Lac-Berne
3%
Lac-Soleure
3%
Lamartine
3%
Lampertheim Église
3%
Lampertheim Mairie
3%
La Wantzenau Église
3%
Le Corbusier
3%
Lefèbvre
3%
Le Tilleul
3%
Louis Loucheur
3%
Lycée Marcel Rudloff
3%
Marcel Pagnol
3%
Maria Callas
3%
Mélina Mercouri
3%
Michel Ange
3%
Neuhof Corps Européen
3%
Neuhof Église
3%
Neuhof Lucie Aubrac
3%
Neuhof Stockfeld
3%
Oberschaeffolsheim Mairie
3%
Parc des Tanneries
3%
Patronage
3%
Petite
3%
Peupliers
3%
Place de l'Abattoir
3%
Place des Romains
3%
Place de Wattwiller
3%
Plobsheim Mairie
3%
Protection
3%
Rembrandt
3%
Rochechouart
3%
Rochefort
3%
Rodin
3%
Route de Wolfisheim
3%
Royan
3%
Rue des Champs
3%
Rue du Fort
3%
Saint-Nazaire
3%
Saint-Yrieix
3%
Shakespeare
3%
Square du Château
3%
Terres de la Chapelle
3%
Titien
3%
Tuilerie
3%
Urban
3%
Vanneaux
3%
Verdon
3%
Vers Rhinau / Diebolsheim
3%
Vers Scharrachbergheim
3%
Wagner
3%
Weeber
3%
Welsch
3%
Abbatiale
2%
Achenheim Ouest
2%
Albert Schweitzer
2%
Artisanat
2%
Belzwoerth
2%
Bergerac
2%
Blaesheim Stade
2%
Coehorn
2%
Constellation
2%
Cor de Chasse
2%
Couronne
2%
Denis Papin
2%
Ditterlin
2%
d'Nedergass
2%
Dr Pierre Schmidt
2%
Duppigheim Gare
2%
Eckbolsheim Parc d'Activités
2%
Eckwersheim Cimetière
2%
Eckwersheim Hippodrome
2%
Eckwersheim Stade
2%
Edmond Rostand
2%
Électricité
2%
Ermitage
2%
Eschau Mairie
2%
Faisanderie
2%
Faubourg de la Paix
2%
Forlen
2%
Frères Eberts
2%
Fusiliers Marins
2%
Garenne
2%
Geispolsheim Centre Sportif
2%
Glaubitz
2%
Graffenstaden ZI
2%
Grundgrübe
2%
Herrenwasser
2%
Hetzlader
2%
Hieselrain
2%
Hohl
2%
Holtzheim ZA
2%
Illkirch Parc d'Innovation
2%
Imprimeurs
2%
Jacqueline
2%
Jésuites
2%
Karine
2%
Lavoir
2%
Les Halles Gare Routière
2%
Lipsheim Est
2%
Louis Ampère
2%
Manège
2%
Marguerite
2%
Mühlbach
2%
Mundolsheim Découvertes
2%
Mundolsheim Parc
2%
Niederhausbergen Centre
2%
Niederhausbergen Mairie
2%
Oberhausbergen Écoles
2%
Ohnheim Église
2%
Orbey
2%
Ouest
2%
Parc Guirbaden
2%
Pfister
2%
Plobsheim Église
2%
Plobsheim Est
2%
Pont du Péage
2%
Pont Schuhansen
2%
Pont SNCF
2%
Primevères
2%
Prunelliers
2%
Pulverlaechel
2%
Reichstett Vergers
2%
Robertsau Renaissance
2%
Route de Hangenbieten
2%
Rue de l'Etang
2%
Rue des Charmilles
2%
Saint-Ignace
2%
Saint-Junien
2%
Saint-Paul
2%
Saules
2%
Schaal
2%
Scheidstein
2%
Schlossgarten
2%
Soleil
2%
Temple
2%
Tobias Stimmer
2%
Triage
2%
Vendenheim au Tilleul
2%
Vers Brumath
2%
Vers Truchtersheim / Kienheim
2%
Vers Wasselone
2%
Vers Woellenheim
2%
Waldhorn
2%
ZAC des Maréchaux
2%
Albert Calmette
0%
Albert Zimmer
0%
Atome
0%
Benjamin Silliman Jr
0%
Bischheim ZA
0%
Bords de l'Ill
0%
Bouleaux
0%
Bourgend
0%
Caravelle
0%
Centre Bernard Stalter
0%
Chambre de Métiers - Galois
0%
Clairevivre
0%
Collège Paul Emile Victor
0%
Debussy
0%
Duntzheim
0%
EcoParc Rhénan
0%
Énergie
0%
Érables
0%
Eschau Canal
0%
Espace Nieder
0%
Espérance
0%
Fishacker
0%
Forgerons
0%
Fortins
0%
Forum Européen du Rhin
0%
François de Larderel
0%
Frères Lumière
0%
Gare de Mundolsheim
0%
Général Lejeune
0%
Handschuheim
0%
Hay Ecomusée
0%
Hirondelles
0%
Hoenheim Mathis
0%
Hofstaett
0%
Jean Claude Klein
0%
Jean Hermann
0%
Jean Perrin
0%
La Haye
0%
Lampertheim Alisiers
0%
Lampertheim Salle des Fêtes
0%
Landgraben
0%
Langensand
0%
L'Envol
0%
Les Sources
0%
Lilas
0%
Linglotweg
0%
Loeb
0%
Lorraine
0%
Magnolias
0%
Maires Schaub
0%
Maison de l'Enfant
0%
Maison de Retraite
0%
Malterie
0%
Musiciens
0%
Neuchâtel
0%
Neugraben
0%
Nideck
0%
Niederau
0%
Noyer
0%
Oberhausbergen Centre Sportif
0%
Picardie
0%
Place Molière
0%
Place Saint-Thomas
0%
Plan d'Eau
0%
Platanes
0%
Plobsheim Canal
0%
Plobsheim Cimetière
0%
Pôle Automobile
0%
Pont Kuss
0%
Rail
0%
Rathsamhausen
0%
Reichstett Rue de Paris
0%
René Laenec
0%
Robert Beltz
0%
Roses
0%
Route de Geispolsheim
0%
Rue de Hoenheim
0%
Rue de Mundolsheim
0%
Rue du Maire Raedel
0%
Sainte-Marguerite
0%
Saint-Exupéry
0%
Sapins
0%
Seigneurs
0%
Sept Ecluses
0%
Spesbourg
0%
Stade Waldeck
0%
Stoskopf
0%
Sury
0%
Théodore Monod
0%
Thumenau
0%
Valparc
0%
Vers Duppigheim
0%
Vers EuropaPark / Rust
0%
Vers Obernai / Klingenthal
0%
Vers Saessolsheim
0%
Vers Wingersheim
0%
Vignoble
0%
Violettes
0%
Voie Romaine
0%
Wasselone
0%
Westermatt
0%
Wibolsheim Chapelle
0%
ZA Joffre
0%
ZI Ampère
0%
ZI Europe
0%
Aucun quiz correspondant
Distribution des résultats
% des personnes avec chaque résultat
Percentile par nombre de réponses
Votre historique - résultats
Vous n’avez pas pris ce quiz depuis la dernière actualisation